000 00705nam a2200217Ia 4500
003 GCL
008 140319s9999 xx 000 0 ara d
040 _aGCL /
_cGCL
082 0 4 _a814
_bع ث
100 1 _aفيصل دراج
245 1 0 _aالثقافة الوطنية: الادب,الواقع , التاريخ /
_cفيصل دراج
700 1 _aسعدالله ونوس
700 1 _aعبدالرحمن منيف
260 _a[S.N] :
_bدار كنعان للدراسات والنشر ،
_c1992
300 _a390 ص
490 _aقضايا وشهادات
_v0
650 0 4 _aالادب العربى
650 0 4 _aمقالات ومحاضرات
650 0 4 _aتاريخ ونقد
942 _2ddc
_cBK
999 _c43153
_d43153